000
00300nam a22001337a 4500
020
_q
HB.
040
_c
FIZZA ISHAQ
082
_a
691
_b
SKD
100
_a
DUGGAL, S.K.
_9
89620
245
_a
BUILDING MATERIALS /
_c
S.K. DUGGAL.
260
_a
NEW YORK ;
_c
1998.
300
_a
285 P. ;
942
_2
ddc
_c
BK
999
_c
588265
_d
588265